• 首页
  • 本馆介绍
  • 公告通知
  • 最新文献
  • 馆藏检索
  • 电子资源
  • 读者导购
  • 参考咨询
  • 我的图书馆
  • 登录
  • 详细信息显示
  • 放入我的书架
  • 预约/预借图书
  • 作者相关作品
  • 分类相关作品
  • 丛书相关作品
  • 出版社相关作品

书目信息

  • 表格格式
  • 工作单格式
  • 卡片格式
题名:
阿根廷史纲
    
 
作者: 耶尔莫拉耶夫 主编
分册: 下册  
出版信息: 北京   生活·读书·新知三联书店  1972.12
页数: 429-826页
开本: 20cm
丛书名:
单 册:
中图分类: K783.0
科图分类:
主题词: 美洲--历史
电子资源:
ISBN:
000 00606nam0 2200205 450
001 0631828703
005 20061115094428.25
010    @dCNY2.40(二册)
100    @a20061115d1972 km y0chiy0120 ea
101 0  @achi
102    @aCN@b110000
200 1  @a阿根廷史纲@Aa gen ting shi gang@f(苏)耶尔莫拉耶夫主编@F(su)ye er mo la ye fu zhu bian@h下册
210    @a北京@c生活·读书·新知三联书店@d1972.12
215    @a429-826页@d20cm
300    @a内部读物
606 0  @a美洲@x历史
690    @aK783.0@v3
701  0 @a耶尔莫拉耶夫@Aye er mo la ye fu@4主编
801  0 @aCN@bPFT@c20061115
905    @a10447@e4:2@dK783.0
    
    阿根廷史纲/(苏)耶尔莫拉耶夫主编.下册.-北京:生活·读书·新知三联书店,1972.12
    429-826页;20cm
    内部读物
    
    ISBN :CNY2.40(二册)
    
●
相关链接 在E读中查询图书 在五车中查询图书 在当当中查询图书 在豆瓣中查询图书


正题名:阿根廷史纲     索取号:K783.0/4:2         预约/预借

序号 登录号 条形码 馆藏地/架位号 状态 备注
1 0218862   001413615   第二样本阅览室/ [索取号:K783.0/4:2] 在馆    
唐山师范学院图书馆 欢迎您!
大连网信软件有限公司© 版权所有